000 00300nam a22001337a 4500
008 170209b xxu||||| |||| 00| 0 eng d
020 _a0803606559
041 _aeng
080 _219ED
_a61
100 _a4
101 _aSHM
245 _aTABERS CYCLOPEDIC MEDICAL DICTIONARY
_cVENES
942 _2udc
_cBK
999 _c5012
_d5012